Starboy Tracklist (The Weeknd) - Statistics

General Stats
  • This quiz has been taken 35 times
  • The average score is 12 of 18
Answer Stats
Hint Answer % Correct
1 Starboy
100%
18 I Feel It Coming
86%
17 Die For You
81%
3 False Alarm
81%
8 Stargirl Interlude
81%
2 Party Monster
76%
9 Sidewalks
71%
12 A Lonely Night
67%
4 Reminder
67%
5 Rockin'
67%
6 Secrets
67%
10 Six Feet Under
62%
16 All I Know
52%
13 Attention
52%
11 Love To Lay
52%
14 Ordinary Life
52%
15 Nothing Without You
48%
7 True Colours
38%
No matching quizzes found
Score Distribution
Percent of People with Each Score
Percentile by Number Answered
Your Score History
You have not taken this quiz